000
00207 a2200097 4500
001
30311
100
_a
Forester,
245
_a
The African Queen
260
_a
New york
_b
Modern Lib
_c
090
_c
20257
_d
20257
942
_a
NUST-CAE
_c
M
_c
11400
999
_c
265384
_d
265384